අධ්යාපන මාර්ගෝපදේශය හා උපදේශනය.
Adyapana margopadeshaya ha upadeshanaya
Saved in:
| Format: | Book |
|---|---|
| Published: |
කොළඹ ;
ගුරු අධ්යාපන ආයතනය,
1989.
|
| Tags: |
Add Tag
No Tags, Be the first to tag this record!
|
MARC
| LEADER | 00000nam a2200000 4500 | ||
|---|---|---|---|
| 003 | LK-CoNLD | ||
| 005 | 20260317100329.0 | ||
| 008 | 260316b |||||||| |||| 00| 0 ||| d | ||
| 015 | |2 slnb | ||
| 017 | |a 220204 |b LK-CoDNA | ||
| 040 | |a LK-CoNLD |b SIN |c LK-CoNLD |d LK-CoNLD | ||
| 082 | |2 23 |q LK-CoNLD | ||
| 245 | |6 880-1 |a අධ්යාපන මාර්ගෝපදේශය හා උපදේශනය. | ||
| 260 | |a කොළඹ ; |b ගුරු අධ්යාපන ආයතනය, |c 1989. | ||
| 300 | |a පි. 112 ; |c සෙමී. 27. |b කබැ-බෝක : රු. 291.20 | ||
| 880 | |6 245-1 |a Adyapana margopadeshaya ha upadeshanaya | ||
| 942 | |c BOOK | ||
| 945 | |a 21991 |b Nadeen WEERAKOON |c 18246 |d Chamari MUTHUMALI | ||
| 999 | |c 298117 |d 298117 | ||